Biblioteca

Covenanting : (Registro nro. 61511)

Detalles MARC
000 -LÍDER
Campo fijo de descripción fija 01279aab a2200253 i 4500
001 - NÚMERO DE CONTROL
Campo de control 768714001
003 - IDENTIFICADOR DEL NÚMERO DE CONTROL
Campo de control CO-MdFUSB
005 - FECHA Y HORA DE LA ULTIMA TRANSACCIÓN
control field 20260309150130.0
008 - ELEMENTOS DE LONGITUD FIJA -- INFORMACIÓN GENERAL
Campo fijo de descripción fija -- Información general 240711t2006 sz ||||| |||| 00| 0 eng d
040 ## - FUENTE DE CATALOGACIÓN
Idioma de catalogación spa
Agencia que realiza la transcripción CO-MdFUSB
041 ## - CÓDIGO DE IDIOMA
Código de idioma para texto/pista de sonido o título separado eng
100 1# - ASIENTO PRINCIPAL--NOMBRE PERSONAL
Nombre personal Cannon, Katie Geneva
Término relacionador autor
245 10 - TÍTULO
Título Covenanting :
Subtitulo a Bible study on Micah 6.1-8
Mención de responsabilidad / Katie Geneva Cannon
520 ## - NOTA DE RESUMEN, ETC.
Nota de sumario, etc. Mediante la liberación de la esclavitud, Yahvé eligió un pueblo particular. El acontecimiento del Monte Sinaí reveló a Yahvé como el dador del pacto. Pero Miqueas vivió en una época en la que los ricos pisoteaban a los pobres, cuando los sacerdotes ponían un énfasis indebido en los holocaustos y sacrificios con sólo una ligera atención a la conducta". Miqueas condenó "la tonta duplicidad política" y enfatizó la exigencia de "una humilde lealtad hacia Dios".
546 ## - NOTA DE IDIOMA
Nota de idioma Texto en inglés.
630 07 - PUNTO DE ACCESO ADICIONAL DE MATERIA - TÍTULO UNIFORME
Título uniforme Biblia.
Parte o sección de la obra Miqueas
Subdivisión de materia general Crítica, interpretación, etc.
650 #7 - ASIENTO SECUNDARIO DE MATERIA - TERMINO TEMÁTICO
Término temático o nombre geográfico como elemento de entrada Hermenéutica
9 (RLIN) 418
650 #7 - ASIENTO SECUNDARIO DE MATERIA - TERMINO TEMÁTICO
Término temático o nombre geográfico como elemento de entrada Derechos humanos
9 (RLIN) 296
650 #7 - ASIENTO SECUNDARIO DE MATERIA - TERMINO TEMÁTICO
Término temático o nombre geográfico como elemento de entrada Violencia
9 (RLIN) 2121
650 #7 - ASIENTO SECUNDARIO DE MATERIA - TERMINO TEMÁTICO
Término temático o nombre geográfico como elemento de entrada Justicia
9 (RLIN) 2116
773 0# - ASIENTO DE ITEM FUENTE
Título Reformed World
Biblionumber 49396
Itemnumber 59503
Parte(s) relacionada(s) / Volumen., número. (mes año), páginas Volumen 56, (número 1, 2006) páginas: 116 - 121
Enumeración y primera página página: 116
942 ## - TIPO DE MATERIAL (KOHA)
Tipo de Item KOHA Artículos de Revista
945 ## - INFORMACIÓN LOCAL DEL REGISTRO
Catalogador Catherine Arias Álvarez - Practicante SENA

No hay ítems disponibles.

Biblioteca FUSBC | Teléfono: (57+4) 349 88 10 Ext. 141| WhatsApp (+57) 3005338115 
E-mail: biblioteca@unisbc.edu.co | Calle 76 87-14 Robledo Palenque, Medellín, Colombia

Con tecnología Koha